Statistics for Short Dutch words

Click here to take the quiz!

General Stats

  • This quiz has been taken 3,908 times
  • The average score is 12 of 15

Answer Stats

DutchEnglish% Correct
BoekBook
94%
VlagFlag
94%
HuisHouse
93%
VorkFork
89%
KaasCheese
87%
MuisMouse
87%
KoeCow
83%
VisFish
82%
KokCook
81%
HoeHow
79%
OogEye
75%
ThuisHome
74%
MolenWindmill
64%
DichtClosed
63%
SnorMustache
58%

Score Distribution

Percentile by Number Answered

Percent of People with Each Score

Your Score History

You have not taken this quiz